000 00740cab a2200229 4500
001 ABS52039
008 090401t1995 xxu||||| |||| 00| 0 eng d
035 _a(Sirsi) u55996
041 _aeng
100 _aMurphy, B.
245 _aPSA/1 : the ethos behind the form
260 _c1995
350 _a0
490 _aCSM (Chartered Surveyor Monthly)
_v4(3) January 1995, 45(1)
520 _aDescribes the new form of contract, PSA/1 and examines its use in the running of future private sector contracts.
650 _aBUILT ENVIRONMENT-BUILDING CONTRACT FORMS
650 _aLUMP SUM CONTRACTS
650 _aPSA/1 WITH QUANITITES 1994
690 _aBUILT ENVIRONMENT-BUILDING CONTRACT FORMS
942 _n0
948 _c04/03/1997
999 _c34202
_d34202